Ohodnocovanie finančných nástrojov
Gespeichert in:
| 1. Verfasser: | |
|---|---|
| Format: | Buch |
| Sprache: | Slowakisch |
| Veröffentlicht: |
Bratislava
IURA EDITION
2003
|
| Schriftenreihe: | Ekonómia
|
| Schlagworte: | |
| Tags: |
Keine Tags, Fügen Sie das erste Tag hinzu!
|
MARC
| LEADER | 00000nam$a2200000$$$4500 | ||
|---|---|---|---|
| 001 | 0005256 | ||
| 005 | 20240502071349.0 | ||
| 020 | |a 80-89047-84-X | ||
| 041 | 0 | |a slo | |
| 044 | |a SK | ||
| 245 | 1 | 0 | |a Ohodnocovanie finančných nástrojov |c Peter Markovič |
| 264 | 1 | |a Bratislava |b IURA EDITION |c 2003 | |
| 300 | |a 144 s. | ||
| 490 | 1 | |a Ekonómia | |
| 830 | 0 | |a Ekonómia | |
| 610 | 2 | 0 | |a nástroje finančné |
| 610 | 2 | 0 | |a účtovníctvo |
| 610 | 2 | 0 | |a hodnota reálna |
| 610 | 2 | 0 | |a hedging |
| 610 | 2 | 0 | |a legislatíva |
| 610 | 2 | 0 | |a Slovensko |
| 100 | 1 | |a Markovič, Peter, 1974- | |